<?xml version="1.0" encoding="UTF-8"?>
<collection xmlns="http://www.loc.gov/MARC21/slim">
 <record>
  <leader>00577nam a22001935a 4500</leader>
  <controlfield tag="001">CEM.cems024606</controlfield>
  <controlfield tag="008">250520s1985####sp############000#0#und#d</controlfield>
  <controlfield tag="005">20250520165608.0</controlfield>
  <datafield tag="245" ind1="1" ind2="0">
   <subfield code="a">El castillo. El proceso /</subfield>
   <subfield code="c">Franz Kafka.</subfield>
  </datafield>
  <datafield tag="260" ind1=" " ind2=" ">
   <subfield code="a">Barcelona :</subfield>
   <subfield code="b">Seix Barral,</subfield>
   <subfield code="c">1985.</subfield>
  </datafield>
  <datafield tag="300" ind1=" " ind2=" ">
   <subfield code="a">521 p.</subfield>
  </datafield>
  <datafield tag="490" ind1="1" ind2=" ">
   <subfield code="a">Summa literaria ;</subfield>
   <subfield code="v">14</subfield>
  </datafield>
  <datafield tag="020" ind1=" " ind2=" ">
   <subfield code="a">8432224146</subfield>
  </datafield>
  <datafield tag="100" ind1="1" ind2=" ">
   <subfield code="a">Kafka, Franz.</subfield>
  </datafield>
  <datafield tag="700" ind1="1" ind2=" ">
   <subfield code="a">Volgemann, D. J.; trad.</subfield>
  </datafield>
  <datafield tag="700" ind1="1" ind2=" ">
   <subfield code="a">Kruger, R.; trad.</subfield>
  </datafield>
  <datafield tag="653" ind1=" " ind2=" ">
   <subfield code="a">Literatura checa</subfield>
  </datafield>
  <datafield tag="653" ind1=" " ind2=" ">
   <subfield code="a">Narrativa checa</subfield>
  </datafield>
  <datafield tag="859" ind1=" " ind2=" ">
   <subfield code="a">CEMS</subfield>
   <subfield code="b">BIB. CEMS - 11 de abril</subfield>
   <subfield code="h">891.863</subfield>
   <subfield code="i">K110-13</subfield>
   <subfield code="p">29865.25</subfield>
   <subfield code="t">Ej.1</subfield>
  </datafield>
 </record>
</collection>
